000 00390nam a2200157Ia 4500
008 240729s9999 xx 000 0 und d
022 _a2504-5377
245 0 _aColloids and Interfaces
260 _aSwitzerland
260 _bMDPI AG
650 _a Chemistry
650 _aScience
856 _uhttps://doaj.org/toc/731b779f6cae4b00b08a188b1058a8b5
942 _2ddc
942 _cDOAJEJ
999 _c67580
_d67580
945 _a1
_bMadushi Gamage
_c1
_dMadushi Gamage